Formel 1-Vize-Weltmeister - Statistiken

Allgemein
  • Dieses Quiz wurde 696 mal gespielt
    444 seit der letzten Aktualisierung
  • Das Durchschnittsergebnis liegt bei 45 aus 74
Antwortstatistiken
Jahr Vize-Weltmeister % Korrekt
2021 Lewis Hamilton
98%
2016 Lewis Hamilton
98%
2007 Lewis Hamilton
98%
2018 Sebastian Vettel
96%
2017 Sebastian Vettel
96%
2009 Sebastian Vettel
96%
2006 Michael Schumacher
94%
1998 Michael Schumacher
94%
2015 Nico Rosberg
94%
2014 Nico Rosberg
94%
2013 Fernando Alonso
92%
2012 Fernando Alonso
92%
2010 Fernando Alonso
92%
2023 Sergio Pérez
90%
2022 Charles Leclerc
89%
2020 Valtteri Bottas
87%
2019 Valtteri Bottas
87%
1993 Ayrton Senna
85%
1989 Ayrton Senna
85%
1976 Niki Lauda
84%
2011 Jenson Button
81%
1990 Alain Prost
78%
1988 Alain Prost
78%
1984 Alain Prost
78%
1983 Alain Prost
78%
2008 Felipe Massa
78%
1995 Damon Hill
74%
1994 Damon Hill
74%
1965 Graham Hill
74%
1964 Graham Hill
74%
1963 Graham Hill
74%
2005 Kimi Räikkönen
74%
2003 Kimi Räikkönen
74%
2000 Mika Häkkinen
74%
2004 Rubens Barrichello
69%
2002 Rubens Barrichello
69%
1979 Gilles Villeneuve
67%
1996 Jacques Villeneuve
67%
1953 Juan Manuel Fangio
67%
1950 Juan Manuel Fangio
67%
1991 Nigel Mansell
60%
1987 Nigel Mansell
60%
1986 Nigel Mansell
60%
1980 Nelson Piquet
58%
1951 Alberto Ascari
57%
2001 David Coulthard
57%
1952 Giuseppe Farina
54%
1972 Jackie Stewart
51%
1968 Jackie Stewart
51%
1975 Emerson Fittipaldi
49%
1973 Emerson Fittipaldi
49%
1967 Jack Brabham
48%
1999 Eddie Irvine
45%
1997 Heinz-Harald Frentzen
45%
1962 Jim Clark
44%
1977 Jody Scheckter
39%
1958 Stirling Moss
33%
1957 Stirling Moss
33%
1956 Stirling Moss
33%
1955 Stirling Moss
33%
1966 John Surtees
31%
1960 Bruce McLaren
27%
1970 Jacky Ickx
25%
1969 Jacky Ickx
25%
1992 Riccardo Patrese
24%
1961 Wolfgang von Trips
24%
1981 Carlos Reutemann
21%
1974 Clay Regazzoni
20%
1978 Ronnie Peterson
18%
1971 Ronnie Peterson
18%
1982 Didier Pironi
14%
1985 Michele Alboreto
12%
1954 José Froilán González
10%
1959 Tony Brooks
9%
Keine übereinstimmenden Quizze gefunden
Verteilung der Resultate
Anzahl Personen mit jedem Resultat
Perzentil nach korrekt beantworteten Fragen
Ihre Resultats-Entwicklung
Sie haben dieses Quiz seit der letzten Aktualisierung nicht gespielt